| 000 | 00881nam a2200229Ia 4500 | ||
|---|---|---|---|
| 003 | GCL | ||
| 008 | 140319s9999 xx 000 0 ara d | ||
| 040 |
_aGCL / _cGCL |
||
| 082 | 0 | 4 |
_aد _b050 _bد هـ |
| 245 | 1 | 0 | _aالهلال يناير 2006 : مصر دولة مدنية ام دينية |
| 260 |
_aالقاهرة : _bدار الهلال للطباعة والنشر ، _c2006 |
||
| 490 |
_aالسلسلة الشعرية الثانية _v0 |
||
| 650 | 0 | 4 | _aعباس محمود العقاد |
| 650 | 0 | 4 | _aطه حسين - تاريخ ونقد |
| 650 | 0 | 4 | _aالادباء الغربيون |
| 650 | 0 | 4 | _aمصر - الاحوال السياسية |
| 650 | 0 | 4 | _aمصر - الاحوال الاجتماعية |
| 650 | 0 | 4 | _aالديمقراطية - مصر |
| 650 | 0 | 4 | _aمصر - الاحوال الدينية |
| 650 | 0 | 4 | _aمصر - الاحوال المدنية |
| 942 |
_2ddc _cCR |
||
| 999 |
_c28148 _d28148 |
||